| 000 | 00679nam a2200205 i 4500 | ||
|---|---|---|---|
| 001 | bg | ||
| 100 | 1 | _aLATAWIEC, Krzysztof J. | |
| 245 | 1 | 0 |
_aThe power of inverse systems in linear and nonlinear modeling and control / _cKrzysztof J. Latawiec. |
| 260 |
_aOpole : _bOficyna Wydawnicza PO, _c2004. |
||
| 300 |
_a164 s. : _bwykr. ; _c24 cm. |
||
| 490 | 1 |
_aStudia i Monografie / Politechnika Opolska, _x1429-6063 ; _vz. 167 |
|
| 504 | _aBibliogr. | ||
| 650 | 9 |
_aSterowanie _xteoria |
|
| 830 | 0 |
_aStudia i Monografie (Politechnika Opolska) ; _vz. 167 |
|
| 040 | _cBPK | ||
| 041 | 0 | _aeng | |
| 080 | _a62-5:519.7/.8:007 | ||
| 942 | _cKS | ||
| 008 | s pl f |000 0 pol | ||
| 999 |
_c46324 _d46324 |
||
| 856 |
_uhttp://koha.tu.koszalin.pl/cgi-bin/koha/opac-detail.pl?biblionumber=46324 _yKatalog online BPK |
||